000 01008nam a22002537a 4500
001 234
003 BD-RjUL
005 20211208233133.0
008 140809s1987 bg a|||| |||| 001 0 ben d
035 _a(BD-RjUL)248
040 _aBD-RjUL
_bben
_cBD-RjUL
_dBD-RjUL
041 _aben
082 0 4 _221
_a591
_bKAS 1987
100 1 _aকবির, সৈয়দ মোহাম্মদ হুমায়ুন
_9708
245 1 _aসাধারন প্রাণিবিদ্যা = General Zoology /
_cসৈয়দ মোহাম্মদ হুমায়ুন কবির
250 _a২য় সং.
260 _aঢাকা :
_bবাংলা একাডেমী,
_c১৯৮৭.
300 _a[১০], ৪২০পৃ. :
_bচিত্র ;
_c২২ সেমি.
490 _aবা এ ;
_v১৯২৯
504 _aনির্ঘন্ট সংযোজিত
650 7 _2SLSH
_aপ্রাণিবিদ্যা.
_9709
650 7 _aZoology
_9111842
942 _2ddc
_cBK
999 _c234
_d234